000 00593nam a2200241 a 4500
001 nice12345678
003 IN_TiNIC
005 20260116011503.0
008 050524s1963 bosa grp 000 0 eng
020 _a
_c1.75
082 0 0 _a190
_bWHI
100 _aWhlidste, Morton
245 _aSocial Thought in America
_b the Revolt Against Formalism.
260 _aBoston
_bBoston Press
_c1963
300 _a301p
500 _aincludes index and biblioraphy
505 2 _aIndex
650 _aLiberalism
700 1 _aWhlidste, Morton
902 _bSRS
942 _cBK
999 _c1970
_d1970